| 000 | 00576 a2200145 4500 | ||
|---|---|---|---|
| 005 | 20250612114019.0 | ||
| 020 | _a978-0-470-41158-2 | ||
| 082 | _a658. 401 SCH | ||
| 100 | _aSCHMIDT, T. | ||
| 245 | _aStrategic Project Management Made Simple: Practical Tools for Leaders and Teams | ||
| 260 |
_aNew Jersey, _bJohn & Sons Inc, _c2009. |
||
| 300 |
_axix, 251p.: Ill.; figures, table. _bIndex, _c24cm. |
||
| 856 |
_yAccess online book _fStrategic Project Management Made Simple: Practical Tools for Leaders and Teams _dhttp://www.wiley.com/go/permissions |
||
| 942 |
_2ddc _cBKS |
||
| 999 |
_c3035 _d3035 |
||